[Event "Tatarstan-ch op"]
[Site "Kazan"]
[Date "2012.09.10"]
[Round "8"]
[White "Ryskanov, Ildar"]
[Black "Mullin, Zufar"]
[Result "0-1"]
[WhiteElo "1888"]
[BlackElo "1980"]
[PlyCount "92"]
[EventDate "2012.09.03"]
[EventType "swiss"]
[EventRounds "9"]
[EventCountry "RUS"]
[SourceTitle "CBM 150 Extra"]
[Source "ChessBase"]
[SourceDate "2012.10.19"]
[SourceVersion "1"]
[SourceVersionDate "2012.10.19"]
[SourceQuality "1"]

1. e4 e5 2. Nf3 Nc6 3. d4 exd4 4. Nxd4 Bc5 5. Nxc6 bxc6 6. Bc4 Qh4 7. Qe2 Nf6 8. Bxf7+ Kxf7 9. Qc4+ d5 10. Qxc5 Qxe4+ 11. Be3 Qxg2 12. Rf1 Ba6 13. Nd2 Bxf1 14. Nxf1 Rhe8 15. Qxc6 Rad8 16. 0-0-0 Qe4 17. Nd2 Qe5 18. Nf3 Qd6 19. Qa4 a6 20. Bf4 Qb6 21. Ne5+ Kg8 22. Be3 c5 23. f4 Qb4 24. Qc6 d4 25. Bd2 Qb5 26. Qc7 Rb8 27. Nd3 c4 28. Rg1 g6 29. Nb4 a5 30. f5 Rb7 31. Qd6 Qb6 32. Nc6 Qxb2+ 33. Kd1 d3 34. cxd3 Qb1+ 35. Bc1 Qxd3+ 36. Qxd3 cxd3 37. fxg6 hxg6 38. Rxg6+ Kf7 39. Rg5 Ne4 40. Rxa5 Nf2+ 41. Kd2 Re2+ 42. Kc3 Rc2+ 43. Kd4 Rd7+ 44. Ke3 Nd1+ 45. Kf3 Rxc6 46. Bg5 Re6 0-1

[Event "Tatarstan-ch op"]
[Site "Kazan"]
[Date "2012.09.06"]
[Round "4"]
[White "Khusnutdinov, Tagir"]
[Black "Ryskanov, Ildar"]
[Result "1/2-1/2"]
[WhiteElo "1842"]
[BlackElo "1888"]
[PlyCount "81"]
[EventDate "2012.09.03"]
[EventType "swiss"]
[EventRounds "9"]
[EventCountry "RUS"]
[SourceTitle "CBM 150 Extra"]
[Source "ChessBase"]
[SourceDate "2012.10.19"]
[SourceVersion "1"]
[SourceVersionDate "2012.10.19"]
[SourceQuality "1"]

1. e4 e5 2. Nf3 Nc6 3. Bb5 a6 4. Ba4 Nf6 5. 0-0 b5 6. Bb3 Bc5 7. Re1 d6 8. h3 Bb7 9. c3 0-0 10. d4 Bb6 11. Bg5 h6 12. Bh4 g5 13. Bg3 Qe7 14. Bc2 Rad8 15. d5 Na5 16. Nbd2 Bc8 17. a4 Nb7 18. b4 g4 19. hxg4 Bxg4 20. Bh4 Kh8 21. axb5 axb5 22. Qe2 Rg8 23. Qxb5 Rg6 24. Qd3 Rdg8 25. Nh2 Be2 26. Qh3 Rxg2+ 27. Qxg2 Rxg2+ 28. Kxg2 Bh5 29. Nc4 Kg7 30. Nxb6 cxb6 31. Re3 Qd7 32. Rg3+ Bg6 33. Bxf6+ Kxf6 34. Ra7 Qc8 35. Ng4+ Kg7 36. Ne3 Kh7 37. Nf5 Qb8 38. Ra6 Nd8 39. Bd3 Bxf5 40. exf5 Qb7 41. f6+ 1/2-1/2

[Event "Nezhmetdinov Memorial 32nd"]
[Site "Kazan"]
[Date "2010.06.08"]
[Round "9"]
[White "Baraeva, Marina"]
[Black "Ryskanov, Ildar"]
[Result "1/2-1/2"]
[WhiteElo "2102"]
[BlackElo "1976"]
[PlyCount "93"]
[EventDate "2010.05.31"]
[EventType "swiss"]
[EventRounds "9"]
[EventCountry "RUS"]
[SourceTitle "CBM 136 Extra"]
[Source "ChessBase"]
[SourceDate "2010.07.02"]
[SourceVersion "2"]
[SourceVersionDate "2010.07.15"]
[SourceQuality "1"]

1. d4 d5 2. c4 c6 3. Nf3 Nf6 4. Nc3 e6 5. Bg5 Nbd7 6. e3 Be7 7. Bd3 0-0 8. 0-0 dxc4 9. Bxc4 Nd5 10. Bxe7 Qxe7 11. e4 Nxc3 12. bxc3 b5 13. Bd3 a6 14. a4 Nb6 15. axb5 cxb5 16. Ne5 Bb7 17. f4 f6 18. Nf3 Rac8 19. Qb3 Nc4 20. Bxc4 Rxc4 21. Nd2 Rc6 22. Rae1 Rfc8 23. Re3 Kh8 24. f5 e5 25. d5 Qc5 26. Rff3 Rb6 27. Qb2 b4 28. cxb4 Rxb4 29. Qc3 Qb6 30. Qa3 Rc2 31. Nf1 a5 32. h3 Ba6 33. Kh2 Bxf1 34. Rxf1 Qc5 35. Rff3 h6 36. Rc3 Rxc3 37. Rxc3 Qf2 38. Rg3 Kh7 39. Qxa5 Rb1 40. Rf3 Qg1+ 41. Kg3 Rb2 42. Kh4 Qxg2 43. Rg3 Qxe4+ 44. Rg4 Qxf5 45. Qc7 Qf2+ 46. Kh5 Qf5+ 47. Kh4 1/2-1/2

[Event "Muhamedzjanov Memorial"]
[Site "Kazan"]
[Date "2010.01.13"]
[Round "6.5"]
[White "Klochkov, Andrei"]
[Black "Ryskanov, Ildar"]
[Result "1/2-1/2"]
[WhiteElo "1841"]
[BlackElo "2001"]
[PlyCount "95"]
[EventDate "2010.01.08"]
[EventType "swiss"]
[EventRounds "9"]
[EventCountry "RUS"]
[SourceTitle "EXT 2022"]
[Source "ChessBase"]
[SourceDate "2021.10.06"]
[SourceVersion "1"]
[SourceVersionDate "2021.10.06"]
[SourceQuality "1"]

1. d4 d5 2. c4 c6 3. Nf3 Nf6 4. e3 a6 5. a4 Bg4 6. Nbd2 e6 7. Be2 Nbd7 8. 0-0 Bd6 9. b3 0-0 10. Bb2 Qb8 11. h3 Bf5 12. Nh4 Bg6 13. Nxg6 hxg6 14. c5 Bc7 15. f4 b6 16. cxb6 Bxb6 17. Nf3 Ne4 18. Ne5 Qb7 19. Nxd7 Qxd7 20. Bd3 Nd6 21. Rc1 Rfc8 22. Ba3 Nb7 23. Qe2 a5 24. Kh2 c5 25. Bb5 Qd8 26. dxc5 Bxc5 27. Bxc5 Nxc5 28. Qb2 Rc7 29. Rc2 Rac8 30. Rfc1 g5 31. g3 gxf4 32. gxf4 Qh4 33. Rg2 f6 34. Rcg1 Ne4 35. Bd3 Nc5 36. Bb1 Rb8 37. Qc3 Rb4 38. Rg4 Qh6 39. Rg6 Qh4 40. Qxf6 Qxf6 41. Rxf6 Rxb3 42. Rfg6 Rxe3 43. f5 exf5 44. Bxf5 Rf7 45. Rc6 Re2+ 46. Rg2 Rxg2+ 47. Kxg2 Rxf5 48. Rxc5 1/2-1/2

[Event "Muhamedzjanov Memorial"]
[Site "Kazan"]
[Date "2010.01.10"]
[Round "3.6"]
[White "Glukhov, Alexander"]
[Black "Ryskanov, Ildar"]
[Result "0-1"]
[WhiteElo "2040"]
[BlackElo "2001"]
[PlyCount "66"]
[EventDate "2010.01.08"]
[EventType "swiss"]
[EventRounds "9"]
[EventCountry "RUS"]
[SourceTitle "EXT 2022"]
[Source "ChessBase"]
[SourceDate "2021.10.06"]
[SourceVersion "1"]
[SourceVersionDate "2021.10.06"]
[SourceQuality "1"]

1. e4 e5 2. Nf3 Nc6 3. Bb5 a6 4. Ba4 Nf6 5. 0-0 b5 6. Bb3 Bc5 7. Nxe5 Nxe5 8. d4 Bxd4 9. Qxd4 d6 10. c3 0-0 11. Bg5 c5 12. Qe3 h6 13. Bxf6 Qxf6 14. Bd5 Ra7 15. f4 Ng6 16. Nd2 Bb7 17. f5 Ne5 18. a4 Bxd5 19. exd5 Re7 20. Ne4 Qh4 21. Rf4 Ng4 22. Rxg4 Qxg4 23. Nf6+ gxf6 24. Qxe7 Qxf5 25. Qxd6 Qc2 26. axb5 Qxb2 27. Rf1 Qxc3 28. bxa6 Kg7 29. a7 Qd4+ 30. Kh1 Re8 31. Qc6 Qf2 32. Rg1 Re1 33. Qxf6+ Kxf6 0-1

[Event "Tatarstan-ch op"]
[Site "Kazan"]
[Date "2009.08.25"]
[Round "6"]
[White "Ryskanov, Ildar"]
[Black "Mullin, Zufar"]
[Result "0-1"]
[WhiteElo "1750"]
[BlackElo "2016"]
[PlyCount "82"]
[EventDate "2009.08.20"]
[EventType "swiss"]
[EventRounds "9"]
[EventCountry "RUS"]
[SourceTitle "EXT 2010"]
[Source "ChessBase"]
[SourceDate "2010.11.25"]
[SourceVersion "1"]
[SourceVersionDate "2010.11.25"]
[SourceQuality "1"]

1. e4 c5 2. Nf3 e6 3. d4 cxd4 4. Nxd4 Nf6 5. Nc3 d6 6. Be3 a6 7. Bd3 Be7 8. 0-0 0-0 9. Qe2 Qc7 10. Rad1 Nc6 11. f4 Nxd4 12. Bxd4 e5 13. Bf2 Bg4 14. Nd5 Bxe2 15. Nxc7 Bxf1 16. Kxf1 Rac8 17. fxe5 dxe5 18. Nd5 Nxd5 19. exd5 f5 20. b3 e4 21. Bc4 Bd6 22. Bh4 b5 23. Be2 Rxc2 24. a4 bxa4 25. bxa4 Ra2 26. Bxa6 Rxa4 27. Bb5 Rb4 28. Bd7 h6 29. Rc1 Rb7 30. Be6+ Kh7 31. Bc8 Rc7 32. Rxc7 Bxc7 33. Be6 g5 34. Bf2 Kg6 35. Bc5 Re8 36. Bd7 Rd8 37. Be6 Bxh2 38. Be7 Rb8 39. d6 Rb1+ 40. Ke2 Bxd6 41. Bxd6 Rb6 0-1

[Event "Tatarstan-ch op"]
[Site "Kazan"]
[Date "2009.08.23"]
[Round "4"]
[White "Ryskanov, Ildar"]
[Black "Toropov, Pavel"]
[Result "0-1"]
[WhiteElo "1750"]
[BlackElo "2187"]
[PlyCount "50"]
[EventDate "2009.08.20"]
[EventType "swiss"]
[EventRounds "9"]
[EventCountry "RUS"]
[SourceTitle "EXT 2010"]
[Source "ChessBase"]
[SourceDate "2010.11.25"]
[SourceVersion "1"]
[SourceVersionDate "2010.11.25"]
[SourceQuality "1"]

1. e4 c5 2. Nf3 a6 3. d4 cxd4 4. Nxd4 e5 5. Nf3 Nc6 6. Bc4 h6 7. a3 Nf6 8. Nc3 Bc5 9. 0-0 0-0 10. b4 Ba7 11. Bb2 d6 12. h3 Be6 13. Bxe6 fxe6 14. Qd3 Qe7 15. Rad1 Rad8 16. Qc4 Nh5 17. Kh1 Rxf3 18. gxf3 Nd4 19. Rxd4 Bxd4 20. Nd1 d5 21. exd5 Qh4 22. Bxd4 Nf4 23. Ne3 exd5 24. Nxd5 Qxh3+ 25. Kg1 Qg2# 0-1